Normal view
MARC view
- Authors, Colombian
Entry Topical Term
001 - CONTROL NUMBER
- control field: 35747
003 - CONTROL NUMBER IDENTIFIER
- control field: NUST
005 - DATE AND TIME OF LATEST TRANSACTION
- control field: 20210224102911.0
008 - FIXED-LENGTH DATA ELEMENTS
- fixed length control field: 210224|| aca||aabn | a|a d
040 ## - CATALOGING SOURCE
- Original cataloging agency: NUST
- Transcribing agency: NUST
150 ## - HEADING--TOPICAL TERM
- Topical term or geographic name entry element: Authors, Colombian
- Chronological subdivision: 20th century
- Form subdivision: Biography
670 ## - SOURCE DATA FOUND
- Source citation: Work cat.: (NUST)233656: Martin, Gerald, 1944- 35745, Gabriel García Márquez :, 2009.
